000 00643nam a2200217Ia 4500
005 20230819105258.0
008 131103s9999 xx 000 0 und d
010 _a23574003
040 _aLoreto College
041 _aEnglish
082 _a910.021
_bHOY/W
245 _aGeography and development
_b a world regional approach
_cedited by Don R.Hoy; [contributed by] Leonard Berry
260 _aNew York
_bMacmillan Publishing Co.
_c1978
300 _axviii,728 p.
_b illus.,fig.,tables
504 _aIncludes index
650 _aGeography
651 _aRegional Geography
700 _aHoy,Don R.,ed.
850 _aLCLIB
942 _cBK
999 _c12678
_d63157